|
|
|
|
| LEADER |
00000cam a2200000 7i4500 |
| 001 |
0000006908 |
| 005 |
20151222.0 |
| 008 |
070827 |
| 020 |
|
|
|a 9835808074
|
| 090 |
0 |
0 |
|a SC
|b ENG
|
| 100 |
1 |
|
|a Uttley, Colin
|
| 245 |
1 |
0 |
|a Magnesium
|c Colin Uttley
|
| 260 |
|
|
|a Shah Alam :
|b Federal Publications Sdn. Bhd ,
|c 2003
|
| 440 |
|
|
|a The Elements
|
| 500 |
|
|
|a Children ages 10-12 years old (pink)
|
| 650 |
|
0 |
|a Junior fiction
|x Malay
|x Languages
|
| 650 |
|
0 |
|a Magnesium
|
| 650 |
|
0 |
|a Magnesium
|x Juvenile literature
|
| 650 |
|
0 |
|a Science
|
| 710 |
0 |
|
|a Title
|
| 999 |
|
|
|a 0000987680
|b Book
|c Children Collection
|e Cawangan Taman Sri Lambak
|
| 999 |
|
|
|a 0000987681
|b Book
|c Children Collection
|e Cawangan Taman Universiti
|
| 999 |
|
|
|a 0000987682
|b Book
|c Children Collection
|e Cawangan Taman Sri Lambak
|
| 999 |
|
|
|a 0000987684
|b Book
|c Children Collection
|e Perbadanan Perpustakaan Awam Johor
|
| 999 |
|
|
|a 0001139775
|b Book
|c Baby
|e Cawangan Taman Universiti
|
| 999 |
|
|
|a 0001139784
|b Book
|c Teenagers
|e Cawangan Bandar Tenggara
|
| 999 |
|
|
|a 0001143971
|b Book
|c Children Collection
|e Cawangan Pontian
|
| 999 |
|
|
|a 0001145467
|b Book
|c Baby
|e Cawangan Taman Universiti
|
| 999 |
|
|
|a 0001145469
|b Book
|c Children Collection
|e Cawangan Segamat
|
| 999 |
|
|
|a 0001145470
|b Book
|c Children Collection
|e Cawangan Mersing
|
| 999 |
|
|
|a 0001145471
|b Book
|c Children Collection
|e Cawangan Pontian
|
| 999 |
|
|
|a 0001145473
|b Book
|c Children Collection
|e Cawangan Bandar Penawar
|
| 999 |
|
|
|a 0001145474
|b Book
|c Children Collection
|e Cawangan Bukit Gambir
|
| 999 |
|
|
|a 0001145476
|b Book
|c Teenagers
|e Cawangan Bandar Tenggara
|
| 999 |
|
|
|a 0001147055
|b Book
|c Children Collection
|e Cawangan Tangkak
|
| 999 |
|
|
|a 0001147056
|b Book
|c Teenagers
|e Cawangan Bandar Tenggara
|
| 999 |
|
|
|a 0001147059
|b Book
|c Children Collection
|e Cawangan Batu Pahat
|
| 999 |
|
|
|a 0001147062
|b Book
|c Baby
|e Cawangan Taman Universiti
|
| 999 |
|
|
|a 0001147063
|b Book
|c Children Collection
|e Cawangan Mersing
|
| 999 |
|
|
|a 0001147065
|b Book
|c Children Collection
|e Cawangan Pontian
|
| 999 |
|
|
|a 0001147067
|b Book
|c Children Collection
|e Cawangan Bandar Penawar
|
| 999 |
|
|
|a 0001147138
|b Book
|c Children Collection
|e Cawangan Batu Pahat
|
| 999 |
|
|
|a 0001147139
|b Book
|c Children Collection
|e Cawangan Pontian
|
| 999 |
|
|
|a 0001147141
|b Book
|c Children Collection
|e Cawangan Segamat
|
| 999 |
|
|
|a 0001149861
|b Book
|c Children Collection
|e Cawangan Batu Pahat
|
| 999 |
|
|
|a 0001150139
|b Book
|c Children Collection
|e Cawangan Taman Universiti
|
| 999 |
|
|
|a 0001150140
|b Book
|c Children Collection
|e Cawangan Segamat
|